000 00942nam0a22002651 4500
001 v19\rc\1943947
005 20251118181059.3
035 _a(NLR Aleph) 005052880
090 _a6913349
_c6913349
100 _a20080428d1913 |||y0rusy50 ca
101 0 _arus
102 _aRU
105 _aa c |||||
200 1 _aКарманный указатель со всеми необходимыми сведениями по курорту Друскеники
_eСезон 1913 г.
_eГ. изд. 3
_fСост. Р.Г. Вигушин
210 _aВильна
_cэлектро-печ. Д. Крейнеса и Ш. Ковальского
_d[1913]
215 _a[8], 90, [16] с.
_cил.
_d18
607 _aДрускеники
700 1 _aВигушин
_bР. Г.
_4220
801 0 _aRU
_bNLR
_gpsbo
801 0 _aRU
_bRuMoRGB
_2psbo
801 1 _aRU
_bProSoft-M
_2rusmarc
852 _aNLR
_j43.19.9.129
899 _aБАН
942 _cBOOK
980 _aNB